000
003390000a22001450004500
005
20120302062824.0
942
_c
BOOK
100
_a
RAGHUVANSHI,RAMESH
245
_a
CHANGALYA MARGANE SHRIMANTA HONYACHE GUPIT
260
_a
PUNE c
300
_a
83 P.
040
_a
MAR
365
_b
RS.5/-
650
_a
SANKIRNA / SELF IMPROVEMENT
999
_c
357769
_d
357766